| 000 | 00818nam a22002417a 4500 | ||
|---|---|---|---|
| 999 |
_c17605 _d17605 |
||
| 003 | AR-CdUCM | ||
| 008 | 190307b ||||| |||| 00| 0 spa d | ||
| 040 |
_aMUNICIPALIDAD PROVINCIAL DEL CUSCO _cBIBLIOTECA MUNICIPAL DEL CUSCO |
||
| 041 | _hfre | ||
| 082 |
_a923.44/ _bB41 |
||
| 100 |
_aBelloc, Hilaire _937722 |
||
| 245 | _aMaría Antonieta / | ||
| 260 |
_aSantiago : _bOsiris,, _c1933. |
||
| 300 |
_a257páginas ; _bilustraciones, láminas, _c18 cm. |
||
| 440 |
_aColección Osiris. _n55 _937723 |
||
| 505 | _aContenido: La bastilla -- Octubre -- Mirabeau -- varennes -- La guerra -- El rehen... | ||
| 650 |
_aReinas de Francia _912629 |
||
| 650 |
_aBiografía _922 |
||
| 650 |
_aAmores y amistades _912630 |
||
| 700 |
_aAlonso, Damaso (traducción) _937724 |
||
| 942 |
_2ddc _cLIBROS |
||
| 945 |
_apjha _d2019-05-09 |
||